Individual and community predictors of fear of criminal victimization: Results from a national sample of urban US citizens
| Authors: | ; |
|---|---|
| Format: | Electronic Article |
| Language: | English |
| Published: |
2009
|
| In: |
Crime prevention and community safety
Year: 2009, Volume: 11, Pages: 124-140 |
| Online Access: |
Volltext (lizenzpflichtig) Volltext (lizenzpflichtig) |
| Check availability: | HBZ Gateway |
MARC
| LEADER | 00000caa a22000002c 4500 | ||
|---|---|---|---|
| 001 | 1912589389 | ||
| 003 | DE-627 | ||
| 005 | 20250123055008.0 | ||
| 007 | cr uuu---uuuuu | ||
| 008 | 241217s2009 xx |||||o 00| ||eng c | ||
| 024 | 7 | |a 10.1057/cpcs.2009.3 |2 doi | |
| 035 | |a (DE-627)1912589389 | ||
| 035 | |a (DE-599)KXP1912589389 | ||
| 040 | |a DE-627 |b ger |c DE-627 |e rda | ||
| 041 | |a eng | ||
| 084 | |a 2,1 |2 ssgn | ||
| 100 | 1 | |a Dansie, Elizabeth J. |e VerfasserIn |4 aut | |
| 245 | 1 | 0 | |a Individual and community predictors of fear of criminal victimization: Results from a national sample of urban US citizens |
| 264 | 1 | |c 2009 | |
| 336 | |a Text |b txt |2 rdacontent | ||
| 337 | |a Computermedien |b c |2 rdamedia | ||
| 338 | |a Online-Ressource |b cr |2 rdacarrier | ||
| 700 | 1 | |a Fargo, Jamison D. |e VerfasserIn |4 aut | |
| 773 | 0 | 8 | |i Enthalten in |t Crime prevention and community safety |d Basingstoke : Palgrave Macmillan, 1999 |g 11(2009), Seite 124-140 |h Online-Ressource |w (DE-627)481279741 |w (DE-600)2180127-7 |w (DE-576)252334507 |x 1743-4629 |7 nnas |
| 773 | 1 | 8 | |g volume:11 |g year:2009 |g pages:124-140 |
| 787 | 0 | 8 | |i Forschungsdaten |a United States Department of Justice. Office of Justice Programs. Bureau of Justice Statistics |t Criminal Victimization and Perceptions of Community Safety in 12 United States Cities, 1998 |d [Erscheinungsort nicht ermittelbar] : [Verlag nicht ermittelbar], 1999 |w (DE-627)1840062096 |
| 856 | 4 | 0 | |u https://doi.org/10.1057/cpcs.2009.3 |x Resolving-System |z lizenzpflichtig |3 Volltext |7 1 |
| 856 | 4 | 0 | |u https://www.ncjrs.gov/App/Publications/abstract.aspx?ID=248953 |x Verlag |z lizenzpflichtig |3 Volltext |7 1 |
| 935 | |a mkri | ||
| 951 | |a AR | ||
| ELC | |a 1 | ||
| LOK | |0 000 xxxxxcx a22 zn 4500 | ||
| LOK | |0 001 4637554888 | ||
| LOK | |0 003 DE-627 | ||
| LOK | |0 004 1912589389 | ||
| LOK | |0 005 20241217044605 | ||
| LOK | |0 008 241217||||||||||||||||ger||||||| | ||
| LOK | |0 035 |a (DE-2619)ICPSR116854 | ||
| LOK | |0 040 |a DE-2619 |c DE-627 |d DE-2619 | ||
| LOK | |0 092 |o n | ||
| LOK | |0 852 |a DE-2619 | ||
| LOK | |0 852 1 |9 00 | ||
| LOK | |0 935 |a nacp | ||
| LOK | |0 939 |a 17-12-24 |b l01 | ||
| ORI | |a SA-MARC-krimdoka001.raw | ||
